| 000 | 01349nam a22001937a 4500 | ||
|---|---|---|---|
| 999 |
_c63010 _d63010 |
||
| 003 | Ge_BSU | ||
| 005 | 20250502160119.0 | ||
| 008 | 250502s2015 ge ||||| |||| 00| 0 geo d | ||
| 041 | _ageo | ||
| 080 | _a634.8(076.5) მ-50 | ||
| 245 |
_aმეთოდური მითითებები სოკოვან ფიტოპათოგენთა გამოყოფა-იდენტიფიკაციაზე / _cრედ. ქ. ნაცარიშვილი; სსიპ-ბათუმის შ. რუსთაველის სახელმწიფო უნ-ტი. ფიტოპათოლოგიის და ბიომრავალფეროვნების ინსტიტუტი. |
||
| 264 |
_aქობულეთი, _c2015. |
||
| 300 |
_a36 გვ. : _bილ.; _c20 სმ. |
||
| 504 | _aბიბლიოგრ. გვ. 36 | ||
| 653 | _aმცენარეთა გამოკვლევა | ||
| 700 |
_aნაცარიშვილი, ქ. _eრედაქტორი _925000 |
||
| 710 |
_aსსიპ-ბათუმის შ. რუსთაველის სახელმწიფო უნ-ტი. _bფიტოპათოლოგიის და ბიომრავალფეროვნების ინსტიტუტი. _925001 |
||
| 942 |
_2udc _cBK |
||